| 000 | 00686nam a2200229 a 4500 | ||
|---|---|---|---|
| 001 | BRCA_2851 | ||
| 005 | 20190320204011.0 | ||
| 008 | 101208s1934----ncua---###---#000-0#eng-u | ||
| 050 | 4 |
_aHD6532 _b.C53 1934 |
|
| 100 | 1 |
_aClark, Marjorie Ruth _97971 |
|
| 245 | 1 | 0 |
_aOrganized Labor in México _cby Marjorie Ruth Clark. |
| 260 |
_aChapel Hill, N. Carolina _bThe University of North Carolina _c1934 |
||
| 300 |
_a315 p. _bil. _c23 cm. |
||
| 500 | _aIncluye índice alfabético. | ||
| 500 | _aB5 | ||
| 504 | _aBibliografía: p. [292]-306 | ||
| 650 | 1 | 4 |
_aDerecho laboral _97972 |
| 650 | 1 | 4 |
_aSindicatos _97973 |
| 650 | 1 | 4 |
_aTrabajo y trabajadores _97974 |
| 902 | _aGFM | ||
| 942 |
_2lcc _cB |
||
| 999 |
_c2590 _d2590 |
||